| 000 | 00994nam a22003017a 4500 | ||
|---|---|---|---|
| 001 | 4887 | ||
| 003 | FISKH | ||
| 005 | 20250611152209.0 | ||
| 008 | 241023b cb ||||| |||| 00| 0 eng d | ||
| 020 | _a9780590415262 | ||
| 040 |
_aFISKH _beng _cFISKH _dFISKH |
||
| 050 | _aE99.P3 | ||
| 082 | _a398.208997 | ||
| 100 | _aCohen, Lee Caron | ||
| 245 |
_aThe mud pony / _cRetold by Caron Lee Cohen Illustrated by Shonto Begay |
||
| 250 | _aThis edition first published in 1988 | ||
| 260 |
_aNew York : _bScholastic, _c1988. |
||
| 300 |
_a28 pages : _bcolor illustrations ; _c26 cm |
||
| 505 | _aP | ||
| 520 | _aA poor boy becomes a powerful leader when Mother Earth turns his mud pony into a real one, but after the pony turns back to mud, he must find his own strength. | ||
| 521 | 8 |
_a610
_bLexile |
|
| 521 | 8 |
_aP
_bRaz-Plus |
|
| 650 |
_2Fiction _aLegend _vHorses |
||
| 650 |
_2Animals _aLegends |
||
| 700 |
_aBegay, Shonto _dillustrator |
||
| 942 |
_2ddc _cBK _n0 |
||
| 999 |
_c4887 _d4887 |
||